A Rozsahegyi Iparbank részvénytársaság ... jelentése és zárszámadása az ... üzletévről

Bibliographic Details
Format: Journal
Language:Hungarian
PhysicalDescription:zv.
Published: Rózsahegy Leo [191-]-[191-]
Subjects:

MARC

LEADER 00000cas a2200000 a 4500
001 vtls009277813
003 SK-MaSNL
005 20260228161453.0
008 080319u191u191uxo uu|p 0 b0hun
040 |a SNK  |b slo  |c SNK  |e AACR2 
041 0 |a hun 
044 |a xo  |c SK 
072 7 |a 336.1/.5  |x Verejné financie  |2 konspekt 
080 |a 336.711  |2 2011 
080 |a (437.6)  |2 2011 
080 |a 050  |2 2001 
245 0 0 |a A Rozsahegyi Iparbank részvénytársaság ... jelentése és zárszámadása az ... üzletévről 
260 |a Rózsahegy  |b Leo  |c [191-]-[191-] 
300 |a zv. 
310 |a Periodicita nie je známa 
362 0 |a [191-]-[191-] 
650 0 7 |a banky  |2 SNKPH  |9 2103 
651 7 |a Ružomberok (Slovensko)  |2 SNKPHgeo  |9 24370 
655 7 |a časopisy  |2 SNKPH  |9 76610 
752 |a Slovensko  |d Ružomberok 
910 |a snk 
999 |c 5465  |d 7395 
952 |0 0  |1 0  |4 0  |7 0  |8 5  |a SNK  |b SNK  |d 2008-03-19  |i snkF 1079/74  |l 0  |o snkČSB 2334/29/1916  |p 17A0579287  |r 2026-02-21 20:21:51  |w 2026-02-21  |y PREZ